000
00400nam a2200145Ia 4500
008
090124s9999 xx 000 0 und d
082
_b
305078
245
_a
बाप बेटा व ती
250
_a
1
260
_b
आचार्य नयना.
_c
2003
300
_a
155
630
_a
बाप बेटा व ती
730
_a
बाप बेटा व ती
942
_c
BOOK
999
_c
195034
_d
195034